El pensamiento económico en el siglo XX (Registro nro. 4710)
[ vista simple ]
| 000 -LEADER | |
|---|---|
| fixed length control field | 01333 a2200217 4500 |
| 001 - CONTROL NUMBER | |
| control field | 48773 |
| 005 - DATE AND TIME OF LATEST TRANSACTION | |
| control field | 20260407155753.0 |
| 008 - FIXED-LENGTH DATA ELEMENTS--GENERAL INFORMATION | |
| fixed length control field | 260407a1968 arg spa d |
| 003 - CONTROL NUMBER IDENTIFIER | |
| control field | AR-UNSa-BCEJYS |
| 040 ## - CATALOGING SOURCE | |
| Original cataloging agency | AR-UNSa-BCEJYS |
| Language of cataloging | spa |
| Transcribing agency | AR-UNSa-BCEJYS |
| 080 ## - UNIVERSAL DECIMAL CLASSIFICATION NUMBER | |
| Universal Decimal Classification number | 330.8 |
| Common auxiliary subdivision | Historia de las teorías, Doctrinas, Dogmas económicos (pensamiento económico) |
| 100 1# - MAIN ENTRY--PERSONAL NAME | |
| Personal name | Napoleoni, Claudio |
| 245 10 - TITLE STATEMENT | |
| Title | El pensamiento económico en el siglo XX |
| 250 ## - EDITION STATEMENT | |
| Edition statement | 2a.ed. |
| 264 #1 - PRODUCTION, PUBLICATION, DISTRIBUTION, MANUFACTURE, AND COPYRIGHT NOTICE | |
| Place of production, publication, distribution, manufacture | Barcelona : |
| Name of producer, publisher, distributor, manufacturer | Oikos-tau |
| Date of production, publication, distribution, manufacture, or copyright notice | 1968 |
| 300 ## - PHYSICAL DESCRIPTION | |
| Extent | 183 p. |
| Dimensions | 21 cm. |
| 505 ## - FORMATTED CONTENTS NOTE | |
| Formatted contents note | 1. La situación a principios de siglo: la teoría del equilibrio - 2. La sistematización epistemológica de Robbins y la economía del bienestar - 3. Schumpeter y la teoría del desarrollo económico - 4. La crítica de Sraffa y las nuevas teorías del mercado - 5. Keynes - 6. Las nuevas direcciones de la política económica - 7. Las nuevas direcciones de la política económica - 7. La teoría del estancamiento económico - 8. La economía matemática y econometría - 9. La teoría de la planificación - 10. La teoría del subdesarrollo económico - 11. Los problemas actuales de la economía mundial - 12. Conclusiones sobre el estado de la investigación económica. |
| 590 ## - LOCAL NOTE (RLIN) | |
| Local note | niveau_biblio:m niveau_hierar:0 |
| 700 1# - ADDED ENTRY--PERSONAL NAME | |
| Personal name | Pedrós Abelló, Alejandro |
| 942 ## - ADDED ENTRY ELEMENTS (KOHA) | |
| Koha item type | |
| Withdrawn status | Lost status | Damaged status | Not for loan | Home library | Current library | Shelving location | Date acquired | Total checkouts | Full call number | Barcode | Date last seen | Price effective from | Koha item type |
|---|---|---|---|---|---|---|---|---|---|---|---|---|---|
| Biblioteca Prof. Eusebio Cleto del Rey | Biblioteca Prof. Eusebio Cleto del Rey | 07/04/2026 | 330.8 N216 2ed. | L26305 | 07/04/2026 | 07/04/2026 | Libro | ||||||
| Biblioteca Prof. Eusebio Cleto del Rey | Biblioteca Prof. Eusebio Cleto del Rey | 07/04/2026 | 330.8 N216 2ed. | L26304 | 07/04/2026 | 07/04/2026 | Libro | ||||||
| Biblioteca Prof. Eusebio Cleto del Rey | Biblioteca Prof. Eusebio Cleto del Rey | 07/04/2026 | 330.8 N216 2ed. | L26303 | 07/04/2026 | 07/04/2026 | Libro |